书目信息 |
| 题名: |
中共党史人物传
|
|
| 作者: | 胡华 主编 ;中共党史人物研究会 编 | |
| 分册: | 第十一卷 | |
| 出版信息: | 西安 陕西人民出版社 1985 |
|
| 页数: | 368页 | |
| 开本: | 20cm | |
| 丛书名: | ||
| 单 册: | ||
| 中图分类: | K820.7 , D239 | |
| 科图分类: | ||
| 主题词: | 中国共产党-历史人物--列传 , 历史人物-中国共产党--列传 , 中国共产党 | |
| 电子资源: | ||
| ISBN: | ||
| 000 | 00860nam0 2200289 45 | |
| 001 | 0185010937 | |
| 005 | 20050630162554.0 | |
| 010 | @dCNY1.25 | |
| 091 | @a11094.108 | |
| 100 | @a19901008d1985 kemy0chiy0121 ea | |
| 101 | 0 | @achi |
| 102 | @aCN@b610000 | |
| 105 | @ac z 000yc | |
| 106 | @ar | |
| 200 | 10 | @a中共党史人物传@Azhong gong dang shi ren wu zhuan@h第十一卷@f胡华主编@g中共党史人物研究会编 |
| 210 | @a西安@c陕西人民出版社@d1985 | |
| 215 | @a368页@c肖像@d20cm | |
| 606 | @a中国共产党-历史人物@x列传 | |
| 606 | @a历史人物-中国共产党@x列传 | |
| 606 | 0 | @a中国共产党 |
| 690 | @aK820.7@v3 | |
| 690 | @aD239@v3 | |
| 701 | 0 | @a胡华@Ahu hua@4主编 |
| 712 | 02 | @a中共党史人物研究会@Azhong gong dang shi ren wu yan jiu hui@4编 |
| 801 | 0 | @aCN@b深圳图书馆@c20040426 |
| 801 | 2 | @aCN@bNLC@c20040426 |
| 905 | @dD239@e23:11@f1@b159411@f1@b159412 | |
| 中共党史人物传.第十一卷/胡华主编/中共党史人物研究会编.-西安:陕西人民出版社,1985 |
| 368页:肖像;20cm |
| ISBN :CNY1.25 |
| ● |
| 相关链接 |
|
|
|
|
正题名:中共党史人物传
索取号:D239/23:11
 
预约/预借
| 序号 | 登录号 | 条形码 | 馆藏地/架位号 | 状态 | 备注 |
| 1 | 0159411 | 000377899 | 密集书库/ [索取号:D239/23:11] | 在馆 | |
| 2 | 0159412 | 000377906 | 密集书库/ [索取号:D239/23:11] | 在馆 | |
| 3 | 0159413 | 000377880 | 密集书库/ [索取号:D239/23:11] | 在馆 |